Human sciences and the problem of values = Les Sciences Humaines et le Problime des Valeurs / (Record no. 78956)

MARC details
000 -LEADER
fixed length control field 01096nam a2200313 a 4500
001 - CONTROL NUMBER
control field vtls000076345
003 - CONTROL NUMBER IDENTIFIER
control field NLI
005 - DATE AND TIME OF LATEST TRANSACTION
control field 20210601193530.0
008 - FIXED-LENGTH DATA ELEMENTS--GENERAL INFORMATION
fixed length control field 101125s1972 ne 000 0 eng
020 ## - INTERNATIONAL STANDARD BOOK NUMBER
International Standard Book Number 9024715229 (pbk) :
Terms of availability Fl 20
039 #9 - LEVEL OF BIBLIOGRAPHIC CONTROL AND CODING DETAIL [OBSOLETE]
-- 201011250809
-- VLOAD
040 0# - CATALOGING SOURCE
Original cataloging agency NLI
Language of cataloging eng
Transcribing agency Entertech-2003
Description conventions AACR2
041 1# - LANGUAGE CODE
Language code of text/sound track or separate title eng
Language code of original fre
044 ## - COUNTRY OF PUBLISHING/PRODUCING ENTITY CODE
MARC country code ne
082 04 - DEWEY DECIMAL CLASSIFICATION NUMBER
Classification number 121.8082
245 00 - TITLE STATEMENT
Title Human sciences and the problem of values = Les Sciences Humaines et le Problime des Valeurs /
Statement of responsibility, etc. edited by K. Kuypers
246 01 - VARYING FORM OF TITLE
Title proper/short title Les Sciences Humaines et le Problime des Valeurs
260 ## - PUBLICATION, DISTRIBUTION, ETC.
Place of publication, distribution, etc. The Hague :
Name of publisher, distributor, etc. Martinus Nijhoff,
Date of publication, distribution, etc. c1972
300 ## - PHYSICAL DESCRIPTION
Extent 104 p. ;
Dimensions 23 cm.
500 ## - GENERAL NOTE
General note International Institute of Philosophy Entretiens in Amsterdam 8-11 September 1971
650 #0 - SUBJECT ADDED ENTRY--TOPICAL TERM
Topical term or geographic name entry element Humanities
General subdivision Addresses, essays, lectures
9 (RLIN) 177067
650 #0 - SUBJECT ADDED ENTRY--TOPICAL TERM
Topical term or geographic name entry element Worth
General subdivision Addresses, essays, lectures
9 (RLIN) 177068
700 1# - ADDED ENTRY--PERSONAL NAME
Personal name Kuypers, K,
Relationship edt
9 (RLIN) 177069
887 ## - NON-MARC INFORMATION FIELD
Content of non-MARC field
901 ## - LOCAL DATA ELEMENT A, LDA (RLIN)
a 436929
b 25.08.1977
902 ## - LOCAL DATA ELEMENT B, LDB (RLIN)
a E121.8082 K969
949 ## - LOCAL PROCESSING INFORMATION (OCLC)
-- VIRTUAITEM
-- 10000
-- 100
6 PUR000436929ENG
942 ## - ADDED ENTRY ELEMENTS (KOHA)
Source of classification or shelving scheme Dewey Decimal Classification
Koha item type Books
Holdings
Withdrawn status Lost status Damaged status Not for loan Collection code Home library Current library Shelving location Date acquired Total Checkouts Full call number Barcode Date last seen Price effective from Koha item type
        New English National Library of India National Library of India New English - Main Stack Division     E121.8082 K969 PUR000436929ENG 01/06/2021 01/06/2021 Books
                                                                           
web counter

Copyright ©2020 The National Library of India, Govt. of India ↔ Hosted by NVLI, MOC ↔ Technology and Design by National Library of India, Ministry of Culture, Govt. of India